Biodiversity and traditional knowledge : (Registro nro. 17970)

Detalles MARC
000 -CABECERA
Campo de control 00829cam a2200253 a 4500
005 - FECHA Y HORA DE LA ULTIMA TRANSACCION
Campo de control 20160115085118.0
008 - ELEMENTOS DE LONGITUD FIJA—INFORMACION GENERAL
Campo de control 040327s2002 us r 00110 eng d
020 ## - ISBN
ISBN 1853836982
040 ## - FUENTE DE CATALOGACIÓN
Agencia catalogadora original la
Agencia transcriptora la
041 0# - IDIOMA
Código de idioma para texto/pista de sonido o título separado Inglés
082 04 - NUMERO DE CLASIFICACION DECIMAL DEWEY
Número de clasificación 333.95
Número del ítem R88b
110 2# - ASIENTO PRINCIPAL--NOMBRE CORPORATIVO
Nombre corporativo o de jurisdicción como elemento de entrada Royal Botanic Gardens KEW
9 (RLIN) 23806
245 00 - MENCION DE TITULO
Título Biodiversity and traditional knowledge :
Parte restante del título equitable partnerships in practice.
250 ## - MENCION DE EDICION
Mención de edición Edited by Sarah A. Laird.
260 ## - PUBLICACION, DISTRIBUCION, ETC. (PIE DE IMPRENTA)
Lugar de publicación, distribución, etc. London :
Nombre del editor, distribuidor, etc. Sterling, Earthscan Publications,
Fecha de publicación, distribución, etc. 2002.
300 ## - DESCRIPCION FISICA
Extensión xxxix, 504 p. :
Otros detalles físicos il. ;
Dimensiones 24 cm.
504 ## - NOTA DE BIBLIOGRAFIA, ETC.
Nota de bibliografía Incluye bibliografia e Indice.
650 ## - ASIENTO SECUNDARIO DE MATERIA - TERMINO TEMATICO
Término temático o nombre geográfico como elemento de entrada Diversidad biologica.
9 (RLIN) 51397
650 2# - ASIENTO SECUNDARIO DE MATERIA - TERMINO TEMATICO
Término temático o nombre geográfico como elemento de entrada Recursos de germoplasma.
9 (RLIN) 1704
650 2# - ASIENTO SECUNDARIO DE MATERIA - TERMINO TEMATICO
Término temático o nombre geográfico como elemento de entrada Conocimiento Tradicional
9 (RLIN) 51398
700 1# - ASIENTO SECUNDARIO - NOMBRE PERSONAL
Nombre personal Laird, Sarah A.,
Término de relación ed.
9 (RLIN) 9417
942 ## - ELEMENTOS ADICIONALES (KOHA)
Sistema de clasificación Dewey Decimal Classification
Tipo de ítem Artículo
949 ## - LOCAL PROCESSING INFORMATION (OCLC)
a n
b n
Existencias
Withdrawn status Lost status Sistema de Clasificación Damaged status No para préstamo Colección Inventariado Ubicación Permanente Ubicación actual Fecha de adquisición Total Checkouts Número topográfico Inventario / Código de Barras Date last seen Ejemplar Price effective from Forma de adquisición Tipo de material Public note
    Dewey Decimal Classification     General Inventariado 2017 Bogotá Bogotá 15/01/2016   LB-333.95 R88b 039592 15/01/2016 Ej. 1 15/01/2016   Libro Disponible en fotocopia. solo para consulta en sala